| 000 | 00534nam a2200217Ia 4500 | ||
|---|---|---|---|
| 003 | OSt | ||
| 005 | 20220928140103.0 | ||
| 006 | a|||||r|||| 00| 0 | ||
| 007 | ta | ||
| 008 | 220927b |||||||| |||| 00| 0 eng d | ||
| 024 | _a6438 | ||
| 037 | _cTextual | ||
| 040 |
_aSDCL _cSDCL _beng |
||
| 041 |
_2eng _aeng |
||
| 082 | _aI:19, N9 | ||
| 100 |
_aRuzin Steven E _9443838 |
||
| 245 | 0 | _aPlant microtechnique and microscopy | |
| 260 | _c1999 | ||
| 942 |
_hI:19, N9 _cTEXL _2CC |
||
| 999 |
_c809675 _d809675 |
||